LCD Soundsystem Songs! - Statistics

General Stats
  • This quiz has been taken 46 times
    28 since last reset
  • The average score is 30 of 58
Answer Stats
LCD Soundsystem % Correct
All My Friends
88%
Daft Punk is Playing at My House
88%
Home
88%
New York, I Love You but You're Bringing Me Down
88%
Someone Great
88%
Someone Great (Instrumental)
88%
Dance Yrself Clean
82%
Get Innocuous!
82%
Sound of Silver
82%
Drunk Girls
76%
45:33
71%
North American Scum
71%
Pow Pow
71%
Tribulations
71%
All I Want
65%
american dream
65%
I Can Change
65%
Losing My Edge
65%
Us V Them
65%
Watch the Tapes
59%
Yeah (Crass Version)
59%
Yeah (Pretentious Mix)
59%
You Wanted a Hit
59%
Never as Tired as When I'm Waking Up
53%
oh baby
53%
Beat Connection
47%
black screen
47%
call the police
47%
emotional haircut
47%
how do you sleep?
47%
Movement
47%
One Touch
47%
Disco Infiltrator
41%
On Repeat
41%
Somebody's Calling Me
41%
Time to Get Away
41%
tonite
41%
Too Much Love
41%
x-ray eyes
41%
Yr City's a Sucker
41%
Freak Out / Starry Eyes
35%
new body rhumba
35%
other voices
35%
Thrills
35%
Tired
35%
change yr mind
29%
Give it Up
29%
Great Release
29%
i used to
29%
I Want Your Love
29%
Ships Talking
29%
(We Don't Need This) Fascist Groove Thang
29%
Out in Space
24%
Seconds
24%
Bye Bye Bayou
18%
Hippie Priest Bum-Out
18%
Throw
18%
You Can't Hide / Shame On You
18%
No matching quizzes found
Score Distribution
Percent of People with Each Score
Percentile by Number Answered
Your Score History
You have not taken this quiz since the last reset